000 00536nam a2200217Ia 4500
003 OSt
005 20221005121134.0
006 a|||||r|||| 00| 0
007 ta
008 221004b |||||||| |||| 00| 0 eng d
024 _a119078
037 _cTextual
040 _aCRL
_cCRL
_beng
041 _2eng
_aeng
100 _aMishr Vishavnath Prasad
_9626971
245 0 _aGhannand Granthawali
260 _c2009
650 _aHINDI LITERATURE
_923866
942 _cTEXL
_2cc
999 _c1040217
_d1040217